000 00721nam a2200229Ii 4500
003 JO-AjNU
008 230605s9999||||xx |||||||||||||| ||und||
017 _a2012/7441
020 _a978-977-5029-64-5
040 _aJO-AjNU
_bara
_erda
_cJO-AjNU
041 _aara
050 1 4 _aHF5415.5.2012
100 3 _aجابر، نبيهه,
_eauthor
_944355
245 0 0 _aخدمة العملاء في المشروعات الصغيرة
250 _aط1
264 3 1 _aالقاهرة:دار الكتب العلمية للنشر والتوزيع؛2012
300 _a144ص
336 _atext
_btxt
_2rdacontent
337 _aunmediated
_bn
_2rdamedia
338 _avolume
_bnc
_2rdacarrier
650 4 _aالمشروعات
_944356
999 _aA19144
_c22712
_d22712